[Event "World Blitz 2022"]
[Site "Almaty KAZ"]
[Date "2022.12.30"]
[Round "17.57"]
[White "Daneshvar, Bardiya"]
[Black "Durarbayli, V."]
[Result "1-0"]
[WhiteElo "2500"]
[BlackElo "2612"]
[PlyCount "93"]
[EventDate "2022.12.29"]
[EventType "blitz"]

1. Nf3 d5 2. g3 c6 3. Bg2 Bg4 4. h3 Bxf3 5. Bxf3 Nd7 6. O-O e5 7. d3 Ngf6 8. e4 dxe4 9. dxe4 Be7 10. Qe2 O-O 11. c3 $146 ({RR} 11. a4 Nc5 12. Nd2 Qc7 13. h4 Rfd8 14. Kg2 h6 15. Ra2 Rab8 16. a5 b5 17. axb6 axb6 18. b4 Ne6 19. c3 b5 20. Nb3 c5 21. Bd2 cxb4 22. cxb4 Qc4 23. Qxc4 bxc4 24. Na5 Rdc8 25. Rc1 Bxb4 {Ding,L (2777)-Malakhov,V (2695) China 2016 ½-½}) 11... a5 12. Kg2 Qc7 13. h4 Nc5 14. Nd2 b5 15. Nb3 Ne6 16. a4 Rfb8 17. Qc2 Ne8 18. Bg4 Nc5 19. Nxc5 Bxc5 20. Rd1 Nd6 21. b3 Rd8 22. Bg5 f6 23. Bd2 Qf7 24. h5 Kh8 25. Be1 g6 26. axb5 cxb5 27. b4 axb4 28. Rxa8 Rxa8 29. Rd5 b3 30. Qxb3 f5 31. hxg6 hxg6 32. exf5 gxf5 33. Be2 Ra1 34. Bd2 Kg7 35. Bg5 Ne4 36. Bh4 Bxf2 37. Qxb5 Ra7 38. Rxe5 Rb7 39. Qc4 Qxc4 40. Bxc4 Rb2 41. Rxf5 Bxg3+ 42. Kf3 Nd2+ 43. Kxg3 Nxc4 44. Rf4 Nd6 45. Be7 Nb5 46. c4 Nc7 47. Bf6+ 1-0

[Event "World Blitz 2022"]
[Site "Almaty KAZ"]
[Date "2022.12.30"]
[Round "17.72"]
[White "Harutyunyan, Tigran K."]
[Black "Arjun, Kalyan"]
[Result "1-0"]
[WhiteElo "2511"]
[BlackElo "2505"]
[PlyCount "135"]
[EventDate "2022.12.29"]
[EventType "blitz"]

1. Nf3 d5 2. g3 Bg4 3. Bg2 c6 4. O-O Nd7 5. d4 Ngf6 6. Nbd2 e6 7. Re1 Be7 8. e4 O-O 9. e5 Ne8 10. Nb3 ({RR} 10. c3 c5 11. dxc5 Nxc5 12. Nb3 Rc8 13. Nbd4 Nc7 14. Be3 Na8 15. h3 Bh5 16. Ne2 Bxf3 17. Bxf3 Nb6 18. b3 Nbd7 19. Bd4 Nb8 20. b4 Ncd7 21. b5 a6 22. a4 Qa5 23. Qb1 Rc4 24. Qd1 Nc5 {Radjabov,T (2744)-Karjakin,S (2760) Moscow 2010 0-1 (72)}) ({RR} 10. Nf1 Nc7 11. h3 Bf5 12. g4 Bg6 13. Ng3 c5 14. c3 b5 15. Be3 b4 16. Qd2 a5 17. g5 bxc3 18. bxc3 Nb6 19. h4 Nc4 20. Qe2 Nb5 21. Rac1 cxd4 22. Nxd4 Nxd4 23. cxd4 Ba3 24. Rcd1 Bb4 {Adury,A (2076)-Yagupov,I (2290) chess.com INT 2024 0-1 (46)}) 10... a5 11. a4 b6 $146 ({RR} 11... c5 12. dxc5 Nxc5 13. Nbd4 Nc7 14. h3 Bh5 15. Ne2 Qd7 16. b3 Bg6 17. Nf4 Be4 18. Be3 Rfd8 19. Nd4 Bxg2 20. Kxg2 Ne4 21. f3 Nc5 22. Qe2 f6 23. exf6 Bxf6 24. Nh5 e5 25. Nb5 Nxb5 26. Qxb5 {Harikrishna,P (2726)-Dvirnyy,D (2549) Porto Rio 2014 1-0 (61)}) 12. c3 c5 13. Be3 Rc8 14. Nc1 cxd4 15. cxd4 Nc7 16. h3 Bh5 17. Ne2 Na6 18. Nf4 Bg6 19. Nxg6 hxg6 20. Qe2 Nb4 21. Rec1 Nb8 22. Qb5 N8c6 23. Bf1 Qc7 24. Rc3 Qb7 25. Rac1 Na7 26. Qe2 Na2 27. Rxc8 Rxc8 28. Rxc8+ Qxc8 29. h4 Nb4 30. Ne1 Qc6 31. b3 Qc3 32. Qd1 Nac6 33. Bb5 Na7 34. Bf1 Nac6 35. Kg2 Bf8 36. g4 Be7 37. h5 gxh5 38. gxh5 Kf8 39. Bb5 Ke8 40. Qg4 Bf8 41. Nf3 Qc2 42. Bd2 Kd8 43. Qf4 Qf5 44. Qxf5 exf5 45. Bc3 Ke7 46. Kg3 g6 47. hxg6 fxg6 48. Bd2 Kf7 49. Ng5+ Kg8 50. Ne6 Be7 51. Bc3 Kf7 52. Nc7 Bd8 53. Bxc6 Nxc6 54. Nxd5 g5 55. f4 Ke6 56. Ne3 gxf4+ 57. Kxf4 Ne7 58. Be1 Nd5+ 59. Nxd5 Kxd5 60. Kxf5 Kxd4 61. e6 Be7 62. Bf2+ Kc3 63. Bxb6 Kxb3 64. Kg6 Kxa4 65. Kf7 Bg5 66. Be3 Bh4 67. Bd4 Bd8 68. Bf6 1-0

[Event "World Blitz 2022"]
[Site "Almaty KAZ"]
[Date "2022.12.30"]
[Round "19.16"]
[White "Harikrishna, P."]
[Black "Riazantsev, A."]
[Result "1-0"]
[WhiteElo "2705"]
[BlackElo "2626"]
[PlyCount "51"]
[EventDate "2022.12.29"]
[EventType "blitz"]

1. Nf3 d5 2. g3 Nd7 3. d4 Nb6 4. a4 a5 5. b3 Bf5 6. Ba3 ({RR} 6. Nh4 Bg4 7. h3 Bh5 8. Nd2 e6 9. Ndf3 Nf6 10. Bg2 Ne4 11. O-O g5 12. g4 gxh4 13. gxh5 Bd6 14. c4 Nd7 15. Qd3 c6 16. Be3 Rg8 17. Kh1 f5 18. Nd2 Qf6 19. cxd5 exd5 20. Nxe4 fxe4 {Dubov,D (2716)-Nihal,S (2681) chess.com INT 2023 0-1 (31)}) 6... Nf6 ({RR} 6... Nd7 7. c4 e6 8. Bxf8 Nxf8 9. Nc3 Ng6 10. h4 h6 11. Bg2 Nf6 12. Nd2 c6 13. e4 dxe4 14. Ndxe4 Nxe4 15. Nxe4 Bxe4 16. Bxe4 Qf6 17. O-O O-O 18. Bxg6 Qxg6 19. Qf3 Rfd8 20. Rfd1 Rd7 21. Rd2 {Sowinski,P (2420)-Petrov,N (2588) Eforie Nord ROU 2025 ½-½}) 7. Bg2 Nc8 $146 ({RR} 7... g6 8. Nbd2 Bg7 9. O-O O-O 10. c4 c6 11. Rc1 Ne4 12. e3 Re8 13. Re1 Nxd2 14. Nxd2 dxc4 15. bxc4 e5 16. e4 Bd7 17. c5 Nc8 18. d5 b6 19. cxb6 Qxb6 20. Nc4 Qa6 21. Ne3 Rb8 22. Qc2 {Petrov,N (2537)-Khripachenko,A (2219) Moscow RUS 2022 1-0}) 8. c4 c6 9. Nc3 e6 10. Bxf8 Kxf8 11. O-O Nd6 12. Nd2 h5 13. h4 Nde4 14. Qc1 Nxd2 15. Qxd2 Qb6 16. Rfe1 Qxb3 17. e4 Nxe4 18. Nxe4 Bxe4 19. Bxe4 dxe4 20. Rab1 Qxc4 21. Rxb7 Rh6 22. Qf4 Rf6 23. Rb8+ Rxb8 24. Qxb8+ Ke7 25. Qc7+ Ke8 26. Rb1 1-0

[Event "World Blitz 2022"]
[Site "Almaty KAZ"]
[Date "2022.12.30"]
[Round "19.29"]
[White "Petrosian, TL."]
[Black "Chigaev, M."]
[Result "1-0"]
[WhiteElo "2551"]
[BlackElo "2632"]
[PlyCount "85"]
[EventDate "2022.12.29"]
[EventType "blitz"]

1. Nf3 Nf6 2. g3 g6 3. Bg2 Bg7 4. d3 O-O 5. e4 c5 6. O-O Nc6 7. h3 ({RR} 7. a4 d5 8. Nbd2 Qc7 9. exd5 Nxd5 10. Nc4 Rd8 11. c3 Bf5 12. Ne1 e5 13. Bxd5 Rxd5 14. Ne3 Qd7 15. Qf3 Rxd3 16. Nxd3 Bxd3 17. Rd1 e4 18. Qxe4 Bxe4 19. Rxd7 Ne5 20. Rd1 Nf3+ 21. Kf1 Nxh2+ {Belezky,A (2455)-Nielsen,P (2655) Germany 2015 ½-½ (43)}) 7... d6 8. a4 $146 ({RR} 8. Qe2 Bd7 9. c3 Rc8 10. Rd1 b5 11. Nbd2 Ne8 12. Nf1 b4 13. d4 cxd4 14. cxd4 e5 15. Bg5 Nf6 16. dxe5 dxe5 17. Rd6 Qe7 18. Rad1 Nd4 19. Nxd4 Qxd6 20. Nf5 Qe6 21. Rd6 gxf5 22. Rxe6 Bxe6 {Lovati,P-Marinescu,M (2115) Ceriano Laghetto 1997 1-0 (31)}) ({RR} 8. Re1 b6 9. c3 Bb7 10. Na3 Qc7 11. Nc2 e6 12. a4 a6 13. Ne3 b5 14. h4 h5 15. Ng5 b4 16. Nc4 Ne5 17. Ne3 bxc3 18. bxc3 c4 19. d4 Nd3 20. Re2 Nxc1 21. Qxc1 Rac8 22. Rb1 Bc6 {Roebers,E (2390)-Shahade,G (2476) chess.com INT 2023 1-0 (58)}) 8... a6 9. Re1 Rb8 10. Nc3 b5 11. axb5 axb5 12. e5 dxe5 13. Nxe5 Nxe5 14. Rxe5 Nd7 15. Re1 b4 16. Nd5 e6 17. Ne3 Bb7 18. Bxb7 Rxb7 19. Qf3 Rb8 20. Nc4 Ra8 21. Be3 h6 22. Qc6 Qc8 23. Qb5 Rb8 24. Qa4 g5 25. Qa6 Qc7 26. Ra5 Kh8 27. b3 Ra8 28. Qxa8 Rxa8 29. Rxa8+ Kh7 30. Ra6 Qb7 31. Ra5 Qc7 32. Ra6 Qb7 33. Ra5 Qc7 34. Ra4 Qb7 35. Ra5 f5 36. Bd2 e5 37. Rea1 e4 38. Ra7 Qd5 39. R1a6 exd3 40. Rd6 Qxc4 41. bxc4 dxc2 42. Rdxd7 b3 43. Rxg7+ 1-0

[Event "World Blitz 2022"]
[Site "Almaty KAZ"]
[Date "2022.12.30"]
[Round "20.16"]
[White "Amin, B."]
[Black "Tsydypov, Z."]
[Result "1-0"]
[WhiteElo "2682"]
[BlackElo "2534"]
[PlyCount "109"]
[EventDate "2022.12.29"]
[EventType "blitz"]

1. Nf3 d5 2. g3 Nf6 3. Bg2 Bf5 4. O-O e6 5. d3 c6 6. Nbd2 h6 7. b3 Be7 8. Bb2 O-O 9. c4 Nbd7 10. a3 Bh7 11. b4 Qc7 ({RR} 11... a5 12. Qb3 Qc7 13. Rfc1 axb4 14. axb4 Rfc8 15. cxd5 exd5 16. Nd4 Qd8 17. Bc3 Bd6 18. Bh3 Rxa1 19. Rxa1 Ra8 20. Ra3 Bg6 21. Qa2 Rxa3 22. Qxa3 Bh5 23. f3 Qb6 24. N2b3 Kh7 25. Qa5 Qc7 26. Qxc7 {Iturrizaga Bonelli,E (2652)-Fenollar Jorda,M (2352) Benasque 2018 1-0 (39)}) 12. Qb3 Rac8 13. Rac1 Qb8 $146 ({RR} 13... Rfe8 14. Bd4 Qb8 15. Qb2 Bd6 16. Bc3 e5 17. Qb3 e4 18. dxe4 dxe4 19. Nd4 e3 20. fxe3 Rxe3 21. Rf3 Re7 22. c5 Bc7 23. Rcf1 Rce8 24. Bh3 Ne5 25. Re3 Neg4 26. Rxe7 Rxe7 27. Rf3 Qe8 28. Nf1 {Vokhidov,S (2592)-Espinosa,P (2231) chess.com INT 2024 0-1 (43)}) 14. Rfe1 e5 15. cxd5 cxd5 16. d4 e4 17. Ne5 Rxc1 18. Rxc1 Rd8 19. Bh3 Nxe5 20. dxe5 Ne8 21. Bd4 Bg6 22. Qc3 Bh5 23. Kf1 Kh7 24. Nb3 Bg5 25. e3 Bf3 26. e6 fxe6 27. Bxe6 Qd6 28. Bf5+ g6 29. Bh3 Be7 30. Bxa7 Qa6+ 31. Kg1 Qxa7 32. Qe5 b6 33. Nd4 Bf6 34. Qe6 Bxd4 35. exd4 h5 36. Rc6 Qg7 37. Rxb6 Nc7 38. Qc6 Rf8 39. a4 Rf7 40. a5 Kh8 41. a6 Qxd4 42. Qxg6 Qa1+ 43. Bf1 Qg7 44. Rb8+ Rf8 45. Rxf8+ Qxf8 46. a7 d4 47. b5 d3 48. b6 d2 49. b7 d1=Q 50. b8=Q Qdd8 51. Qxd8 Qxd8 52. Qh6+ Kg8 53. Bc4+ Nd5 54. Qe6+ Kg7 55. Qxd5 1-0

[Event "World Blitz 2022"]
[Site "Almaty KAZ"]
[Date "2022.12.30"]
[Round "20.20"]
[White "Anton Guijarro, D."]
[Black "Zhigalko, S."]
[Result "1-0"]
[WhiteElo "2675"]
[BlackElo "2572"]
[PlyCount "38"]
[EventDate "2022.12.29"]
[EventType "blitz"]

1. Nf3 d5 2. c4 d4 3. b4 Bg4 4. g3 Bxf3 5. exf3 e6 ({RR} 5... e5 6. b5 Nf6 7. Bg2 Nbd7 8. O-O Bd6 9. d3 O-O 10. f4 exf4 11. Bxb7 Rb8 12. Bg2 Re8 13. a4 h5 14. Nd2 h4 15. gxh4 Ne5 16. Nf3 Ng6 17. Bh3 Nh7 18. h5 Nh4 19. Nxh4 Qxh4 20. Qg4 {Mekhitarian,K (2564)-Tregubov,P (2555) chess.com INT 2025 1-0 (37)}) ({RR} 5... e5 6. a3 a5 7. b5 Nd7 8. Bg2 Nc5 9. O-O Bd6 10. a4 Nf6 11. d3 O-O 12. Ba3 Nfd7 13. Qc2 f5 14. Nd2 Qf6 15. Rfe1 Rae8 16. Re2 Re7 17. Rae1 Rfe8 18. Bb2 Ne6 19. f4 exf4 20. Bxb7 {Arabidze,M (2458)-Zhigalko,S (2572) chess.com INT 2024 0-1 (31)}) 6. b5 ({RR} 6. Qb3 a5 7. b5 Nd7 8. Bg2 Nc5 9. Qc2 h5 10. d3 h4 11. f4 Nh6 12. Nd2 a4 13. Ba3 Ra7 14. Rb1 Be7 15. Ne4 Nxe4 16. Bxe7 Qxe7 17. Bxe4 O-O 18. b6 cxb6 19. Rxb6 Ng4 20. O-O Nf6 {Caruana,F (2807)-Anand,V (2783) Saint Louis 2017 ½-½ (40)}) 6... Nd7 $146 ({RR} 6... Ne7 7. Bg2 Nf5 8. O-O c6 9. f4 Be7 10. d3 O-O 11. Nd2 a6 12. bxc6 Nxc6 13. Nf3 Qc7 14. Rb1 Rab8 15. Bd2 Bc5 16. Re1 b6 17. Qa4 a5 18. Ne5 Nxe5 19. fxe5 Rfd8 20. h4 h5 21. Qd1 {Morris-Suzuki,A (1652)-Grigoriants,S (2562) chess.com INT 2023 0-1 (62)}) 7. Bg2 Nc5 8. O-O Nf6 9. f4 Be7 10. d3 O-O 11. Qe2 a6 12. Qc2 Qd7 13. a4 axb5 14. cxb5 Nd5 15. Bb2 Rfd8 16. Bxd5 Qxd5 17. Nd2 c6 18. Rfe1 cxb5 19. axb5 Rxa1 1-0

[Event "World Blitz 2022"]
[Site "Almaty KAZ"]
[Date "2022.12.30"]
[Round "20.23"]
[White "Pantsulaia, L."]
[Black "Cheparinov, I."]
[Result "1-0"]
[WhiteElo "2597"]
[BlackElo "2688"]
[PlyCount "77"]
[EventDate "2022.12.29"]
[EventType "blitz"]

1. Nf3 g6 2. g3 Bg7 3. Bg2 e5 4. O-O d5 5. c4 dxc4 6. Qa4+ Bd7 ({RR} 6... Nc6 7. Qxc4 Nge7 8. d3 O-O 9. Nc3 Be6 10. Qa4 h6 11. Ne4 b6 12. Bd2 Nd4 13. Nxd4 exd4 14. Bb4 c5 15. Nxc5 bxc5 16. Bxc5 Rc8 17. Qxa7 Re8 18. Rfc1 Nc6 19. Qb6 Qd7 20. b4 Bd5 21. b5 {Nakamura,H (2768)-Kollars,D (2606) chess.com INT 2023 0-1 (61)}) 7. Qxc4 Nc6 8. d3 ({RR} 8. Nc3 Nge7 9. a3 O-O 10. b4 Rb8 11. Bb2 Be6 12. Qe4 h6 13. Qb1 f5 14. d3 Qd7 15. Rd1 Nd4 16. e3 Nxf3+ 17. Bxf3 Rfd8 18. Qc2 c6 19. Na4 b6 20. Rac1 Rbc8 21. Be2 Qe8 22. Bc3 Qf7 {Minina,V (2057)-Fathy,E (2300) chess.com INT 2024 1-0 (64)}) 8... Nge7 9. Nbd2 $146 ({RR} 9. Nc3 O-O 10. Bg5 h6 11. Bxe7 Qxe7 12. Rac1 Be6 13. Qa4 f5 14. Nd2 Rad8 15. Nb3 Nd4 16. Bxb7 c5 17. Bg2 f4 18. Nxd4 cxd4 19. Ne4 h5 20. Rc6 h4 21. gxh4 Bf5 22. Ng5 Rc8 23. Rfc1 Bh6 {Shtembuliak,E (2416)-Mesaros,F (2379) Porto Carras 2015 1-0 (38)}) 9... O-O 10. a3 a5 11. Qc2 Nf5 12. e3 a4 13. Ne4 Na5 14. Nc5 b6 15. Nxa4 Nb3 16. Qxb3 Bxa4 17. Qc4 Qd7 18. e4 Nd6 19. Qa2 Qb5 20. Qb1 Bb3 21. Be3 Rfd8 22. Nd2 Nb7 23. Nxb3 Qxb3 24. Rc1 Nc5 25. Rc3 Qb5 26. b4 Ne6 27. Bh3 Nd4 28. Rxc7 Ne2+ 29. Kh1 Qxd3 30. Qxd3 Rxd3 31. Bf1 Rc3 32. Rxc3 Nxc3 33. Bxb6 Nxe4 34. Bg2 Ra6 35. Be3 Nc3 36. Bb7 Ra4 37. Bc6 Ra6 38. b5 Ra5 39. b6 1-0

[Event "World Blitz 2022"]
[Site "Almaty KAZ"]
[Date "2022.12.30"]
[Round "21.56"]
[White "Cheng, Bo"]
[Black "Hovhannisyan, R."]
[Result "1-0"]
[WhiteElo "2583"]
[BlackElo "2597"]
[PlyCount "97"]
[EventDate "2022.12.29"]
[EventType "blitz"]

1. Nf3 d5 2. g3 Bg4 3. Bg2 e6 4. O-O Nf6 5. d3 Be7 6. h3 Bh5 7. Qe1 ({RR} 7. Nbd2 c5 8. e4 Nc6 9. Re1 dxe4 10. dxe4 O-O 11. e5 Nd7 12. g4 Bg6 13. Nc4 Nb4 14. Ne3 Nb6 15. Qe2 N6d5 16. Rd1 Qc7 17. Nxd5 Nxd5 18. a3 c4 19. Nd4 Rfd8 20. Kh1 c3 21. b4 Qb6 {Caruana,F (2808)-Carlsen,M (2832) Paris 2017 1-0 (49)}) ({RR} 7. c4 c6 8. Qb3 Qb6 9. Be3 Qxb3 10. axb3 a6 11. g4 Bg6 12. Nc3 Nbd7 13. Nd2 O-O 14. f4 h6 15. Nf3 Bd6 16. Rac1 Kh8 17. Nd2 Rfe8 18. d4 Kg8 19. c5 Bc7 20. b4 Bh7 21. Ra1 Kh8 {Paschall,W (2331)-Paszewski,M (2335) Budapest HUN 2024 ½-½ (35)}) 7... O-O 8. e4 c5 9. Nh4 $146 ({RR} 9. Nc3 Nc6 10. Bf4 h6 11. Ne5 Nd4 12. Rc1 b5 13. g4 Bg6 14. Ne2 Nxe2+ 15. Qxe2 Bh7 16. Nc6 Qd7 17. Nxe7+ Qxe7 18. exd5 Rad8 19. dxe6 fxe6 20. Rfe1 Nd5 21. Bg3 Rf6 22. Qe5 Qf7 23. Re2 Kh8 {Gukesh,D (2578)-Suleymanli,A (2560) Chess.com INT 2021 0-1 (70)}) 9... dxe4 10. dxe4 Nfd7 11. Nf3 Nc6 12. Bf4 Qb6 13. Qc1 Rfd8 14. Nbd2 Qa6 15. Re1 c4 16. Bf1 Nb6 17. a4 Na5 18. c3 Bxf3 19. Nxf3 Nb3 20. Qc2 Nxa1 21. Rxa1 Qa5 22. Be3 Bc5 23. Bg5 f6 24. Bf4 e5 25. Bc1 Rd7 26. Nd2 Kh8 27. b4 Bxb4 28. cxb4 Qxb4 29. a5 c3 30. Nf3 Rc8 31. axb6 Qxb6 32. Be3 Qb2 33. Qxb2 cxb2 34. Rb1 b6 35. Rxb2 g6 36. Kg2 Kg7 37. g4 Rc3 38. g5 Rdc7 39. gxf6+ Kxf6 40. Rb5 Rxe3 41. fxe3 Rc2+ 42. Kg3 Rc1 43. Be2 Rc3 44. Kf2 h5 45. Nxe5 Ra3 46. Nf3 Ra4 47. e5+ Ke7 48. Nd4 g5 49. Bxh5 1-0

[Event "ch-SWE Blitz 2023"]
[Site "Stockholm SWE"]
[Date "2023.01.01"]
[Round "4.1"]
[White "Amin, B."]
[Black "Aditya, Mittal"]
[Result "1-0"]
[WhiteElo "2684"]
[BlackElo "2519"]
[PlyCount "103"]
[EventDate "2023.01.01"]
[EventType "blitz"]

1. Nf3 Nf6 2. g3 c5 3. Bg2 d5 4. O-O e6 5. d3 Nc6 6. e4 dxe4 7. dxe4 Qxd1 8. Rxd1 Nxe4 9. Na3 Be7 10. Bf4 f6 11. Nb5 O-O 12. Re1 e5 13. Rxe4 exf4 14. Rae1 Bd8 $146 ({RR} 14... Bd7 15. Bf1 Bg4 16. Rxf4 f5 17. Ne5 Bg5 18. Bc4+ Kh8 19. Nf7+ Rxf7 20. Bxf7 Bxf4 21. gxf4 g6 22. Kg2 Rd8 23. f3 Rd2+ 24. Kg3 Bh5 25. Bb3 Rd7 26. Re6 Kg7 27. Nd6 Nd4 28. Ne8+ Kh6 29. Nf6 {Vardanyan,A (2301)-Wachinger,N (2426) Berlin GER 2023 0-1 (51)}) 15. Rxf4 a6 16. Nd6 Bc7 17. Nxc8 Bxf4 18. Nb6 Bc7 19. Nxa8 Rxa8 20. Nh4 Rd8 21. Bxc6 bxc6 22. Nf5 g6 23. Nh6+ Kg7 24. Ng4 Kf7 25. Re2 f5 26. Ne3 f4 27. Nc4 f3 28. Rd2 Re8 29. Kf1 Kf6 30. Rd3 Kf5 31. Rxf3+ Kg4 32. Rf7 Bd8 33. Rxh7 Bf6 34. b3 Bc3 35. Ne3+ Kg5 36. h4+ Kf6 37. Rc7 Re6 38. Ke2 c4 39. bxc4 Bd4 40. Kd3 Bb6 41. Rc8 Rd6+ 42. Ke2 Re6 43. Kf3 Rd6 44. Ra8 a5 45. c5 Bxc5 46. Rxa5 Bb4 47. Ra6 Kg7 48. a4 Be1 49. Ke2 Bc3 50. h5 Rd2+ 51. Kf3 gxh5 52. Rxc6 1-0

[Event "ch-SWE Blitz 2023"]
[Site "Stockholm SWE"]
[Date "2023.01.01"]
[Round "10.1"]
[White "Amin, B."]
[Black "Abdrlauf, Elham"]
[Result "1-0"]
[WhiteElo "2684"]
[BlackElo "2518"]
[PlyCount "114"]
[EventDate "2023.01.01"]
[EventType "blitz"]

1. Nf3 d5 2. g3 g6 3. c4 d4 4. d3 Bg7 5. Bg2 Nc6 ({RR} 5... Nh6 6. Qa4+ c6 7. b4 O-O 8. Nbd2 b6 9. O-O Bb7 10. Nb3 Nf5 11. Bb2 e5 12. Rac1 Nd7 13. Nfd2 Qc7 14. c5 Rfc8 15. Ne4 Nf6 16. Bh3 Rd8 17. Nxf6+ Bxf6 18. Bg2 Ne7 19. Rfe1 Nd5 20. b5 {Hickl,J (2600)-Azmaiparashvili,Z (2674) Panormo 2001 ½-½ (54)}) 6. O-O ({RR} 6. Na3 Nf6 7. Nc2 a5 8. b3 O-O 9. a3 Re8 10. O-O e5 11. Nd2 Bf5 12. h3 e4 13. g4 exd3 14. gxf5 dxe2 15. Qe1 exf1=Q+ 16. Qxf1 d3 17. Ne3 Ne4 18. Nxe4 Bxa1 19. Nd5 Rxe4 20. Bxe4 Bg7 {Fieberg,S (2157)-Mischuk,D (2298) chess.com INT 2024 0-1 (32)}) 6... e5 7. b4 $146 ({RR} 7. Na3 Nge7 8. Nc2 a5 9. a3 O-O 10. Bg5 h6 11. Bxe7 Qxe7 12. Rb1 a4 13. b4 axb3 14. Rxb3 Nd8 15. Qd2 Ne6 16. Rb5 Nc5 17. Rfb1 Bd7 18. Ra5 Ba4 19. Rxa8 Rxa8 20. Nb4 c6 21. e3 Nb3 {Danielian,E (2407)-Batsiashvili,N (2487) Iasi 2021 1-0 (49)}) 7... Nxb4 8. Qa4+ Nc6 9. Ba3 Nge7 10. Nbd2 O-O 11. Rab1 Re8 12. Rfe1 Rb8 13. Ne4 Bf5 14. Nh4 Bc8 15. e3 dxe3 16. Rxe3 b6 17. c5 Bd7 18. cxb6 axb6 19. Ng5 Nd4 20. Qc4 Ne6 21. Ngf3 Nf5 22. Nxf5 gxf5 23. Nxe5 Nc5 24. Nxf7 Qf6 25. Bxc5 bxc5 26. Rxb8 Rxb8 27. Bd5 Kf8 28. Ne5 Be8 29. Qxc5+ Qd6 30. Qxd6+ cxd6 31. Nc4 Rd8 32. Re1 Bd4 33. Rb1 Bc5 34. Rb7 Bg6 35. Kg2 f4 36. Be4 d5 37. Bxg6 dxc4 38. Rxh7 c3 39. Rc7 Bd4 40. gxf4 Rd5 41. Kf3 Bc5 42. d4 Bxd4 43. Ke4 Rd6 44. f5 Kg8 45. a4 Bf6 46. Bf7+ Kh8 47. Bb3 Rb6 48. Bc2 Rb4+ 49. Kd5 Rf4 50. Ke6 Bd4 51. Rc4 Rxf2 52. Rxd4 Rxc2 53. Kf7 Rxh2 54. Rc4 c2 55. a5 Rh7+ 56. Ke6 Ra7 57. f6 Ra6+ 1-0

[Event "59th ch-IND 2022-23"]
[Site "New Delhi IND"]
[Date "2023.01.01"]
[Round "11.3"]
[White "Aronyak, Ghosh"]
[Black "Sethuraman, S."]
[Result "1-0"]
[WhiteElo "2521"]
[BlackElo "2642"]
[PlyCount "99"]
[EventDate "2022.12.22"]

1. Nf3 g6 2. d4 Bg7 3. g3 c5 4. c3 Qa5 5. Nbd2 cxd4 6. Nb3 Qb6 7. cxd4 Nf6 8. Bg2 d6 ({RR} 8... O-O 9. O-O d6 10. Re1 a5 11. e4 a4 12. Nbd2 Nc6 13. Nc4 Qb5 14. Na3 Qh5 15. d5 Nb4 16. Nd4 Qxd1 17. Rxd1 Nd7 18. Bg5 Re8 19. Nab5 Na6 20. Rac1 Ndc5 21. f3 Bd7 22. Bf1 h6 23. Be3 {Ju,W (2550)-Grischuk,A (2745) chess.com INT 2023 0-1 (56)}) 9. O-O Nc6 10. d5 $146 ({RR} 10. Re1 d5 11. Bf4 Bf5 12. Ne5 Rc8 13. Nxc6 Rxc6 14. Rc1 O-O 15. Rxc6 Qxc6 16. Qd2 b6 17. Qb4 Qe6 18. Be5 Bh6 19. Bxf6 exf6 20. Qa4 a5 21. Qb5 Rc8 22. Bxd5 Qd6 23. e4 Bd7 24. Qe2 a4 {Seel,C (2472)-Heberla,B (2549) Germany 2016 ½-½ (55)}) 10... Nb4 11. Ne1 Bd7 12. Be3 Qb5 13. Bd4 O-O 14. a3 Na6 15. a4 Qc4 16. Na5 Qc7 17. Qd2 Rac8 18. b4 Bf5 19. Qb2 Bh6 20. Nd3 Rfe8 21. Rfe1 Be4 22. Bxe4 Nxe4 23. f3 Nf6 24. e4 Nd7 25. f4 Nb6 26. b5 Nc5 27. Nxc5 dxc5 28. Be5 Qd7 29. Qc2 c4 30. Rad1 Red8 31. Bd4 Qc7 32. Be5 Qc5+ 33. Bd4 Qc7 34. Be5 Qd7 35. Bd4 Bg7 36. Bxb6 axb6 37. Nxc4 Qc7 38. Rc1 Qc5+ 39. Kg2 Qb4 40. Qe2 Qc5 41. Red1 Rc7 42. Qd2 f6 43. d6 e6 44. Ne5 Qxd6 45. Qxd6 Rxd6 46. Rxd6 Rxc1 47. Rd8+ Bf8 48. Nd7 Rc2+ 49. Kf3 Rc3+ 50. Ke2 1-0

[Event "Yinzhou Cup Men 2022"]
[Site "chess.com INT"]
[Date "2022.12.26"]
[Round "6"]
[White "Ding Liren"]
[Black "Bu Xiangzhi"]
[Result "1-0"]
[WhiteElo "2811"]
[BlackElo "2698"]
[PlyCount "85"]
[EventDate "2022.12.25"]

1. Nf3 Nf6 2. g3 d5 3. Bg2 c5 4. O-O Nc6 5. d4 e6 6. c4 dxc4 7. Qa4 Bd7 8. Qxc4 b5 9. Qd3 c4 10. Qd1 Rc8 11. Bf4 Be7 12. Nc3 a6 13. a3 O-O 14. e4 b4 $146 ({RR} 14... Na5 15. Qe2 ({RR} 15. Qc2 Qb6 ({RR} 15... Nb3 16. Rad1 a5 17. d5 exd5 18. exd5 Bc5 19. Bg5 h6 20. Bxf6 Qxf6 21. Ne4 Qg6 22. Ne5 Qf5 23. g4 Qxe5 24. Rfe1 Qf4 25. h3 Nd4 26. Qc3 b4 27. Qe3 Qxe3 28. fxe3 Nc2 29. Nxc5 Rxc5) 16. Rad1 h6 ({RR} 16... Rfd8 17. e5 Ne8 18. d5 h6 19. d6 Bf8 20. Be3 Qb8 21. Rd4 f5 22. g4 Nc6 23. gxf5 exf5 24. Rh4 Be6 25. Bh3 b4 26. Bxf5 Bxf5 27. Qxf5 Nxd6 28. exd6 Rxd6 29. Ne4 Ne7) 17. d5 Bc5 18. d6 Bc6 19. e5 Nd5 20. Nxd5 Bxd5 21. Rxd5 exd5 22. Qf5 Nc6 23. Qg4 Kh7 24. Qh5 Rce8 25. Ng5+ Kg8 26. Nxf7 Rxf7 27. Bxd5 Nd8 28. Qg6 Qa7 29. Be4 Kf8) 15... Nb3 16. Rad1 Qb6 17. d5 Bc5 18. d6 Bc6 19. e5 Nd5 20. Nxd5 Bxd5 21. Rxd5 exd5 22. Ng5 Rce8 23. Qh5 h6 24. Nxf7 Qb7 25. e6 Rxe6 26. Nxh6+ gxh6 27. Bxd5 Qf7 28. Qg4+ Kh7 29. Bxe6 {Quintiliano,R (2513)-Ribeiro,M (2250) Manaus/AM 2024 1-0 (34)}) 15. axb4 Nxb4 16. Qe2 Qb6 17. Ne5 Bb5 18. Rfd1 Rfd8 19. Be3 Nd7 20. Nf3 Qc7 21. h3 Nd3 22. Ne1 Nxe1 23. Qxe1 Nb8 24. Bf4 Qb6 25. d5 Bb4 26. e5 exd5 27. Nxd5 Rxd5 28. Qxb4 Nc6 29. Qe1 Rd3 30. e6 Rcd8 31. Rxd3 cxd3 32. exf7+ Kxf7 33. Qe4 Nd4 34. Bg5 Rd7 35. Qxh7 Qe6 36. Kh2 Bc6 37. Rxa6 Qc4 38. Rxc6 Nxc6 39. Qf5+ Ke8 40. Qg6+ Kf8 41. Bxc6 Qf7 42. Qxf7+ Rxf7 43. Kg2 1-0

[Event "Titled Tue 27th Dec Early"]
[Site "chess.com INT"]
[Date "2022.12.27"]
[Round "9"]
[White "Lenderman, A."]
[Black "Balakrishnan, Praveen"]
[Result "1-0"]
[WhiteElo "2570"]
[BlackElo "2510"]
[PlyCount "83"]
[EventDate "2022.12.27"]

1. Nf3 d5 2. e3 Nf6 3. c4 e6 4. Nc3 c5 5. cxd5 exd5 6. Bb5+ Bd7 7. Bxd7+ Qxd7 8. O-O Nc6 9. b3 Be7 10. Bb2 O-O 11. d4 b6 12. dxc5 bxc5 13. Rc1 Rac8 $146 ({RR} 13... d4 14. exd4 cxd4 15. Ne2 d3 16. Nf4 Rfd8 17. Qxd3 Nb4 18. Qxd7 Rxd7 19. a3 Nd3 20. Nxd3 Rxd3 21. b4 a5 22. Ne5 Rb3 23. Nc6 Rxb2 24. Nxe7+ Kf8 25. Nc6 axb4 26. axb4 Nd5 27. Rc4 g6 28. Rd4 {Narayanan,S (2540)-Samadov,R (2332) Chess.com INT 2020 1-0 (41)}) 14. Na4 Ne4 15. Nd2 Qf5 16. Nxe4 dxe4 17. Bc3 Rfd8 18. Qe2 Nb4 19. Bxb4 cxb4 20. Qa6 Rxc1 21. Rxc1 Qd7 22. g3 h5 23. Qc4 Qd2 24. Qc2 Bf6 25. h4 Qd5 26. Qe2 Qf5 27. Kg2 a5 28. Rc5 Rd5 29. Rxd5 Qxd5 30. Nb6 Qc6 31. Nc4 a4 32. Qxh5 axb3 33. axb3 g6 34. Qg4 Kg7 35. h5 Bc3 36. hxg6 fxg6 37. Qf4 Qd5 38. g4 Bf6 39. Qd6 Qg5 40. Qd7+ Kh6 41. Nd6 Qh4 42. Nxe4 1-0